| 000 | 00699nam a22002177a 4500 | ||
|---|---|---|---|
| 003 | OSt | ||
| 005 | 20140310181929.0 | ||
| 008 | 130722t xxu||||| |||| 00| 0 eng d | ||
| 020 | _a0590491148 | ||
| 050 |
_aQA 107.2 _b.T449 1976 |
||
| 082 |
_aTRM 372.7 _bM22 1976 |
||
| 100 |
_aTina Thoburn. _92605 |
||
| 245 |
_aMacmillan mathematics : _ba clear, direct approach to teaching mathematics / _cTina Thoburn, Jack E. Forbes. |
||
| 260 |
_aNew York : _bMacmillan Publishing Co. Inc, _cc1976. |
||
| 300 |
_aXii, 365 p. : _bcol. ill ; _c28 cm. |
||
| 521 | _aTeachers | ||
| 541 | _j1 | ||
| 562 | _e1 | ||
| 650 |
_aMathematics _xStudy and teaching (Elementary). _92606 |
||
| 942 |
_2lcc _cBK-TR _kTR |
||
| 999 |
_c7307 _d7307 |
||